Valuation of buy-to-let properties and HMO properties (Record no. 115863)

MARC details
000 -LEADER
fixed length control field 01282cam a22002775a 4500
001 - CONTROL NUMBER
control field L159395
008 - FIXED-LENGTH DATA ELEMENTS--GENERAL INFORMATION
fixed length control field 170130s2016 xxk f 000 0 eng d
020 ## - INTERNATIONAL STANDARD BOOK NUMBER
International Standard Book Number 9781783211739
035 ## - SYSTEM CONTROL NUMBER
System control number (Sirsi) u159395
041 0# - LANGUAGE CODE
Language code of text/sound track or separate title eng
110 2# - MAIN ENTRY--CORPORATE NAME
Corporate name or jurisdiction name as entry element Royal Institution of Chartered Surveyors
9 (RLIN) 4900
245 00 - TITLE STATEMENT
Title Valuation of buy-to-let properties and HMO properties
Medium [electronic resource]
Statement of responsibility, etc. [old edition]
250 ## - EDITION STATEMENT
Edition statement 1st ed
260 ## - PUBLICATION, DISTRIBUTION, ETC.
Place of publication, distribution, etc. London
Name of publisher, distributor, etc. RICS
Date of publication, distribution, etc. 2016
490 ## - SERIES STATEMENT
Series statement RICS Professional Standard
520 ## - SUMMARY, ETC.
Summary, etc. Sets out guidance for valuers undertaking the valuation of the residential investment properties for buy-to-let purposes ranging from single units to houses in multiple occupation (HMOs) and multi-unit blocks. The guidance is applicable to valuers who are instructed by lenders and private clients.
520 ## - SUMMARY, ETC.
Summary, etc. Superseded by 2nd edition, 2022 (ISBN 9781783214808)
590 ## - LOCAL NOTE (RLIN)
Local note KA
650 24 - SUBJECT ADDED ENTRY--TOPICAL TERM
Topical term or geographic name entry element BUY-TO-LET
650 24 - SUBJECT ADDED ENTRY--TOPICAL TERM
Topical term or geographic name entry element HOUSES IN MULTIPLE OCCUPATION
651 #4 - SUBJECT ADDED ENTRY--GEOGRAPHIC NAME
Geographic name United Kingdom
690 ## - LOCAL SUBJECT ADDED ENTRY--TOPICAL TERM (OCLC, RLIN)
Topical term or geographic name as entry element Valuation
9 (RLIN) 6273
690 ## - LOCAL SUBJECT ADDED ENTRY--TOPICAL TERM (OCLC, RLIN)
Topical term or geographic name as entry element Residential property
9 (RLIN) 6266
856 40 - ELECTRONIC LOCATION AND ACCESS
Uniform Resource Identifier <a href="https://www.isurv.com/downloads/file/6964/archive_valuation_of_buy-to-let_and_hmo_properties_1st_edition_december_2016-december_2022">https://www.isurv.com/downloads/file/6964/archive_valuation_of_buy-to-let_and_hmo_properties_1st_edition_december_2016-december_2022</a>
Public note Archived on iSurv (subscription required)
942 ## - ADDED ENTRY ELEMENTS (KOHA)
Suppress in OPAC 0
Source of classification or shelving scheme Dewey Decimal Classification
Holdings
Withdrawn status Lost status Source of classification or shelving scheme Damaged status Not for loan Home library Current library Shelving location Date acquired Total Checkouts Full call number Date last seen Copy number Price effective from Koha item type
    Dewey Decimal Classification     London London Online 30/01/2017   iSurv 06/08/2019 1 06/08/2019 Book